Configuración y ajustes de Sistemas de sonido. Curso práctico.

Zapisane w:
Opis bibliograficzny
1. autor: Digón, Albert G. (autor)
Kolejni autorzy: Ferrer, Pepe (autor), McCarthy, Bob (prólogo)
Format: Książka
Język:hiszpański
Wydane: Barcelona, España: Publicaciones Altaria, 2015.
Wydanie:2a. edición.
Hasła przedmiotowe:
Etykiety: Dodaj etykietę
Nie ma etykietki, Dołącz pierwszą etykiete!

MARC

LEADER 00000nam a22000007a 4500
003 CL-VaPUC
005 20250321101920.0
008 250115t2015 ||||| |||| 00| 0 spa d
999 |c 446533  |d 446531 
020 |a 978-84-943007-8-3 
040 |c Pontificia Universidad Católica de Valparaíso 
082 |2 22  |a 621.3893 DIG 2015 
100 |9 895420  |a Digón, Albert G.  |e autor 
245 |a Configuración y ajustes de Sistemas de sonido.  |b Curso práctico. 
250 |a 2a. edición. 
260 |a Barcelona, España:  |b Publicaciones Altaria,  |c 2015. 
300 |a 476 páginas:  |b ilustraciones. 
500 |a c.1-2: Instituto Arcos. 08-01-2025 
583 |c 20250115  |k Yessy Sthefany Diaz Vidal 
650 0 |9 261796  |a Sonido   |v Conceptos básicos 
650 0 |9 895423  |a Sonorización  |v Fundamentos acústicos, físicos y matemáticos  
700 |9 895421  |a Ferrer, Pepe  |e autor 
700 |9 895422  |a McCarthy, Bob  |e prólogo 
942 |2 ddc  |c BK  |n 0 
952 |0 0  |1 0  |2 ddc  |4 0  |6 621_389300000000000_DIG_2015  |7 0  |8 A  |9 599326  |a BIBINC  |b BIBINC  |d 2025-01-15  |e Instituto Arcos  |i 5664265  |o 621.3893 DIG 2015  |p 5664265  |r 2025-01-15  |t 1  |w 2025-01-15  |y BK  |k IFP 
952 |0 0  |1 0  |2 ddc  |4 0  |6 621_389300000000000_DIG_2015  |7 0  |8 A  |9 599327  |a BIBINC  |b BIBINC  |d 2025-01-15  |e Instituto Arcos  |i 5664266  |o 621.3893 DIG 2015  |p 5664266  |r 2025-01-15  |t 2  |w 2025-01-15  |y BK  |k IFP